FUNDAMENTALS OF STATISTICS (Record no. 18711)
[ view plain ]
| 000 -LEADER | |
|---|---|
| fixed length control field | 00521cam a2200205ua 4500 |
| 008 - FIXED-LENGTH DATA ELEMENTS--GENERAL INFORMATION | |
| fixed length control field | 160708n2012 II |||gr||||Z||||||eng |
| 040 ## - CATALOGING SOURCE | |
| Original cataloging agency | MAIN |
| 041 ## - LANGUAGE CODE | |
| -- | English |
| 082 ## - DEWEY DECIMAL CLASSIFICATION NUMBER | |
| Classification number | 531.12 GUP |
| 100 ## - MAIN ENTRY--PERSONAL NAME | |
| Personal name | GUPTA, S.C. |
| 245 ## - TITLE STATEMENT | |
| Title | FUNDAMENTALS OF STATISTICS |
| 250 ## - EDITION STATEMENT | |
| Edition statement | 7TH REV. |
| 260 ## - PUBLICATION, DISTRIBUTION, ETC. | |
| Place of publication, distribution, etc. | MUMBAI |
| Name of publisher, distributor, etc. | HIMALAYA PUBLISHING HOUSE |
| Date of publication, distribution, etc. | 2012 |
| 300 ## - PHYSICAL DESCRIPTION | |
| Extent | (1--p): |
| Dimensions | 18CM. |
| 500 ## - GENERAL NOTE | |
| General note | TRANSFERRED TO COLLEGE HOSTEL |
| 700 ## - ADDED ENTRY--PERSONAL NAME | |
| Personal name | GUPTA, S.C., |
| Relator term | Author. |
| 700 ## - ADDED ENTRY--PERSONAL NAME | |
| Personal name | GUPTA, INDIRA (Ed./-). |
| 942 ## - ADDED ENTRY ELEMENTS (KOHA) | |
| Koha item type | Books |
| Withdrawn status | Lost status | Damaged status | Not for loan | Collection code | Home library | Current library | Shelving location | Date acquired | Full call number | Barcode | Date last seen | Copy number | Price effective from | Koha item type |
|---|---|---|---|---|---|---|---|---|---|---|---|---|---|---|
| REFPHY | Central Library and Information Centre Sibsagar Girls College | Central Library and Information Centre Sibsagar Girls College | Physics Rack | 13.08.2012 | 531.12 GUP | 28162 | 27.02.2020 | 1 | 27.02.2020 | Books | ||||
| REFECO | Central Library and Information Centre Sibsagar Girls College | Central Library and Information Centre Sibsagar Girls College | Hostel Library | 13.08.2012 | 531.12 GUP | 28163 | 27.02.2020 | 2 | 27.02.2020 | Books |